<?xml version="1.0" encoding="UTF-8"?><?xml-stylesheet type="text/xsl" href="static/style.xsl"?><OAI-PMH xmlns="http://www.openarchives.org/OAI/2.0/" xmlns:xsi="http://www.w3.org/2001/XMLSchema-instance" xsi:schemaLocation="http://www.openarchives.org/OAI/2.0/ http://www.openarchives.org/OAI/2.0/OAI-PMH.xsd"><responseDate>2026-04-17T09:37:18Z</responseDate><request verb="GetRecord" identifier="oai:riubu.ubu.es:10259/8829" metadataPrefix="marc">https://riubu.ubu.es/oai/request</request><GetRecord><record><header><identifier>oai:riubu.ubu.es:10259/8829</identifier><datestamp>2024-03-16T01:05:05Z</datestamp><setSpec>com_10259_4219</setSpec><setSpec>com_10259_5086</setSpec><setSpec>com_10259_2604</setSpec><setSpec>col_10259_4220</setSpec></header><metadata><record xmlns="http://www.loc.gov/MARC21/slim" xmlns:doc="http://www.lyncode.com/xoai" xmlns:xsi="http://www.w3.org/2001/XMLSchema-instance" xmlns:dcterms="http://purl.org/dc/terms/" xsi:schemaLocation="http://www.loc.gov/MARC21/slim http://www.loc.gov/standards/marcxml/schema/MARC21slim.xsd">
<leader>00925njm 22002777a 4500</leader>
<datafield tag="042" ind1=" " ind2=" ">
<subfield code="a">dc</subfield>
</datafield>
<datafield tag="720" ind1=" " ind2=" ">
<subfield code="a">Santos García, Diego</subfield>
<subfield code="e">author</subfield>
</datafield>
<datafield tag="720" ind1=" " ind2=" ">
<subfield code="a">Deus-Fonticoba, Teresa de</subfield>
<subfield code="e">author</subfield>
</datafield>
<datafield tag="720" ind1=" " ind2=" ">
<subfield code="a">Cores Bartolomé, Carlos</subfield>
<subfield code="e">author</subfield>
</datafield>
<datafield tag="720" ind1=" " ind2=" ">
<subfield code="a">Feal Painceiras, María</subfield>
<subfield code="e">author</subfield>
</datafield>
<datafield tag="720" ind1=" " ind2=" ">
<subfield code="a">Paz González, José Manuel</subfield>
<subfield code="e">author</subfield>
</datafield>
<datafield tag="720" ind1=" " ind2=" ">
<subfield code="a">Martínez Miró, Cristina</subfield>
<subfield code="e">author</subfield>
</datafield>
<datafield tag="720" ind1=" " ind2=" ">
<subfield code="a">Jesús, Silvia</subfield>
<subfield code="e">author</subfield>
</datafield>
<datafield tag="720" ind1=" " ind2=" ">
<subfield code="a">Aguilar, Miquel</subfield>
<subfield code="e">author</subfield>
</datafield>
<datafield tag="720" ind1=" " ind2=" ">
<subfield code="a">Pastor, Pau</subfield>
<subfield code="e">author</subfield>
</datafield>
<datafield tag="720" ind1=" " ind2=" ">
<subfield code="a">Planellás, Lluis L.</subfield>
<subfield code="e">author</subfield>
</datafield>
<datafield tag="720" ind1=" " ind2=" ">
<subfield code="a">Cosgaya, Marina</subfield>
<subfield code="e">author</subfield>
</datafield>
<datafield tag="720" ind1=" " ind2=" ">
<subfield code="a">García Caldentey, Juan</subfield>
<subfield code="e">author</subfield>
</datafield>
<datafield tag="720" ind1=" " ind2=" ">
<subfield code="a">Caballol, Núria</subfield>
<subfield code="e">author</subfield>
</datafield>
<datafield tag="720" ind1=" " ind2=" ">
<subfield code="a">Legarda, Inés</subfield>
<subfield code="e">author</subfield>
</datafield>
<datafield tag="720" ind1=" " ind2=" ">
<subfield code="a">Hernández Vara, Jorge</subfield>
<subfield code="e">author</subfield>
</datafield>
<datafield tag="720" ind1=" " ind2=" ">
<subfield code="a">Cabo López, Iria</subfield>
<subfield code="e">author</subfield>
</datafield>
<datafield tag="720" ind1=" " ind2=" ">
<subfield code="a">López Manzanares, Lydia</subfield>
<subfield code="e">author</subfield>
</datafield>
<datafield tag="720" ind1=" " ind2=" ">
<subfield code="a">González Aramburu, Isabel</subfield>
<subfield code="e">author</subfield>
</datafield>
<datafield tag="720" ind1=" " ind2=" ">
<subfield code="a">Ávila Rivera, María A.</subfield>
<subfield code="e">author</subfield>
</datafield>
<datafield tag="720" ind1=" " ind2=" ">
<subfield code="a">Gómez Mayordomo, Víctor</subfield>
<subfield code="e">author</subfield>
</datafield>
<datafield tag="720" ind1=" " ind2=" ">
<subfield code="a">Nogueira, Víctor</subfield>
<subfield code="e">author</subfield>
</datafield>
<datafield tag="720" ind1=" " ind2=" ">
<subfield code="a">Puente, Víctor</subfield>
<subfield code="e">author</subfield>
</datafield>
<datafield tag="720" ind1=" " ind2=" ">
<subfield code="a">Dotor, Julio</subfield>
<subfield code="e">author</subfield>
</datafield>
<datafield tag="720" ind1=" " ind2=" ">
<subfield code="a">Borrue, Carmen</subfield>
<subfield code="e">author</subfield>
</datafield>
<datafield tag="720" ind1=" " ind2=" ">
<subfield code="a">Solano Vila, Berta</subfield>
<subfield code="e">author</subfield>
</datafield>
<datafield tag="720" ind1=" " ind2=" ">
<subfield code="a">Álvarez Saúco, María</subfield>
<subfield code="e">author</subfield>
</datafield>
<datafield tag="720" ind1=" " ind2=" ">
<subfield code="a">Vela Desojo, Lydia</subfield>
<subfield code="e">author</subfield>
</datafield>
<datafield tag="720" ind1=" " ind2=" ">
<subfield code="a">Escalante Arroyo, Sonia</subfield>
<subfield code="e">author</subfield>
</datafield>
<datafield tag="720" ind1=" " ind2=" ">
<subfield code="a">Cubo Delgado, Esther</subfield>
<subfield code="e">author</subfield>
</datafield>
<datafield tag="720" ind1=" " ind2=" ">
<subfield code="a">Carrillo Padilla, Francisco</subfield>
<subfield code="e">author</subfield>
</datafield>
<datafield tag="720" ind1=" " ind2=" ">
<subfield code="a">Martínez Castrillo, Juan Carlos</subfield>
<subfield code="e">author</subfield>
</datafield>
<datafield tag="720" ind1=" " ind2=" ">
<subfield code="a">Sánchez Alonso, Pilar</subfield>
<subfield code="e">author</subfield>
</datafield>
<datafield tag="720" ind1=" " ind2=" ">
<subfield code="a">Alonso Losada, María Gema</subfield>
<subfield code="e">author</subfield>
</datafield>
<datafield tag="720" ind1=" " ind2=" ">
<subfield code="a">López Ariztegui, Nuria</subfield>
<subfield code="e">author</subfield>
</datafield>
<datafield tag="720" ind1=" " ind2=" ">
<subfield code="a">Gastón, Itziar</subfield>
<subfield code="e">author</subfield>
</datafield>
<datafield tag="720" ind1=" " ind2=" ">
<subfield code="a">Kulisevsky Bojarsky, Jaume</subfield>
<subfield code="e">author</subfield>
</datafield>
<datafield tag="720" ind1=" " ind2=" ">
<subfield code="a">Blázquez Estrada, Marta</subfield>
<subfield code="e">author</subfield>
</datafield>
<datafield tag="720" ind1=" " ind2=" ">
<subfield code="a">Seijo, Manuel</subfield>
<subfield code="e">author</subfield>
</datafield>
<datafield tag="720" ind1=" " ind2=" ">
<subfield code="a">Ruíz Martínez, Javier</subfield>
<subfield code="e">author</subfield>
</datafield>
<datafield tag="720" ind1=" " ind2=" ">
<subfield code="a">Valero, Caridad</subfield>
<subfield code="e">author</subfield>
</datafield>
<datafield tag="720" ind1=" " ind2=" ">
<subfield code="a">Kurtis, Mónica M.</subfield>
<subfield code="e">author</subfield>
</datafield>
<datafield tag="720" ind1=" " ind2=" ">
<subfield code="a">Fabregues, Oriol de</subfield>
<subfield code="e">author</subfield>
</datafield>
<datafield tag="720" ind1=" " ind2=" ">
<subfield code="a">González Ardura, Jessica</subfield>
<subfield code="e">author</subfield>
</datafield>
<datafield tag="720" ind1=" " ind2=" ">
<subfield code="a">Alonso Redondo, Rubén</subfield>
<subfield code="e">author</subfield>
</datafield>
<datafield tag="720" ind1=" " ind2=" ">
<subfield code="a">Ordás Bandera, Carlos Manuel</subfield>
<subfield code="e">author</subfield>
</datafield>
<datafield tag="720" ind1=" " ind2=" ">
<subfield code="a">López Díaz, Luis M.</subfield>
<subfield code="e">author</subfield>
</datafield>
<datafield tag="720" ind1=" " ind2=" ">
<subfield code="a">McAfee, Darrian</subfield>
<subfield code="e">author</subfield>
</datafield>
<datafield tag="720" ind1=" " ind2=" ">
<subfield code="a">Martínez Martín, Pablo</subfield>
<subfield code="e">author</subfield>
</datafield>
<datafield tag="720" ind1=" " ind2=" ">
<subfield code="a">Mir, Pablo</subfield>
<subfield code="e">author</subfield>
</datafield>
<datafield tag="720" ind1=" " ind2=" ">
<subfield code="a">COPPADIS Study Group</subfield>
<subfield code="e">author</subfield>
</datafield>
<datafield tag="260" ind1=" " ind2=" ">
<subfield code="c">2023-01</subfield>
</datafield>
<datafield tag="520" ind1=" " ind2=" ">
<subfield code="a">Background and Purpose: Visual hallucinations (VH) and subjective cognitive complaints (SCC) are associated with cognitive impairment (CI) in Parkinson’s disease. Our aims were to determine the association between VH and SCC and the risk of CI development in a cohort of patients with Parkinson’s disease and normal cognition (PD-NC).&#xd;
&#xd;
Methods: Patients with PD-NC (total score of >80 on the Parkinson’s Disease Cognitive Rating Scale [PD-CRS]) recruited from the Spanish COPPADIS cohort from January 2016 to November 2017 were followed up after 2 years. Subjects with a score of ≥1 on domain 5 and item 13 of the Non-Motor Symptoms Scale at baseline (V0) were considered as “with SCC” and “with VH,” respectively. CI at the 2-year follow-up (plus or minus 1 month) (V2) was defined as a PD-CRS total score of &lt;81.&#xd;
&#xd;
Results: At V0 (n=376, 58.2% males, age 61.14±8.73 years [mean±SD]), the frequencies of VH and SCC were 13.6% and 62.2%, respectively. VH were more frequent in patients with SCC than in those without: 18.8% (44/234) vs 4.9% (7/142), p&lt;0.0001. At V2, 15.2% (57/376) of the patients had developed CI. VH presenting at V0 was associated with a higher risk of CI at V2 (odds ratio [OR]=2.68, 95% confidence interval=1.05–6.83, p=0.0.039) after controlling for the effects of age, disease duration, education, medication, motor and nonmotor status, mood, and PD-CRS total score at V0. Although SCC were not associated with CI at V2, presenting both VH and SCC at V0 increased the probability of having CI at V2 (OR=3.71, 95% confidence interval=1.36–10.17, p=0.011).&#xd;
&#xd;
Conclusions: VH were associated with the development of SCC and CI at the 2-year follow-up in patients with PD-NC.</subfield>
</datafield>
<datafield tag="024" ind2=" " ind1="8">
<subfield code="a">1738-6586</subfield>
</datafield>
<datafield tag="024" ind2=" " ind1="8">
<subfield code="a">http://hdl.handle.net/10259/8829</subfield>
</datafield>
<datafield tag="024" ind2=" " ind1="8">
<subfield code="a">10.3988/jcn.2022.0186</subfield>
</datafield>
<datafield tag="024" ind2=" " ind1="8">
<subfield code="a">2005-5013</subfield>
</datafield>
<datafield ind1=" " ind2=" " tag="653">
<subfield code="a">Cognitive impairment</subfield>
</datafield>
<datafield ind1=" " ind2=" " tag="653">
<subfield code="a">Dementia</subfield>
</datafield>
<datafield ind1=" " ind2=" " tag="653">
<subfield code="a">Parkinson’s disease</subfield>
</datafield>
<datafield ind1=" " ind2=" " tag="653">
<subfield code="a">Subjective cognitive complaints</subfield>
</datafield>
<datafield ind1=" " ind2=" " tag="653">
<subfield code="a">Visual hallucinations</subfield>
</datafield>
<datafield tag="245" ind1="0" ind2="0">
<subfield code="a">Risk of Cognitive Impairment in Patients With Parkinson’s Disease With Visual Hallucinations and Subjective Cognitive Complaints</subfield>
</datafield>
</record></metadata></record></GetRecord></OAI-PMH>